000 00378nam a2200157 i 4500
001 bg
100 1 _aBUCHOWSKI, Henryk
245 0 _aMetody fizyczne w chemii /
_cHenryk Buchowski, Lech Skulski.
260 _aŁódź,
_c1971.
700 1 _aSKULSKI, Lech
040 _cBPK
041 _apol
080 _a547:543.5
942 _cKS
008 s pl f |000 0 pol
999 _c7353
_d7353
856 _uhttp://koha.tu.koszalin.pl/cgi-bin/koha/opac-detail.pl?biblionumber=7353
_yKatalog online BPK